Fort Worth For Dummies - Statistics

General Stats
  • This quiz has been taken 23 times
  • The average score is 7 of 10
Answer Stats
Question Answer % Correct
Fort Worth is In which U.S. state? Texas
100%
True or False: Fort Worth Was Once a Cattle Trading and Shipping hub in the U.S. True
95%
Fort Worth's Population is around... 1 million
90%
True or False: Fort Worth is one of the fastest growing cities in the U.S. True
90%
What year was Fort Worth founded 1849
85%
True or False: Fort Worth is a small town in the suburbs of Dallas False
85%
What river flows through Fort Worth? Trinity
60%
Which of these is a famous place in Fort Worth Sundance Square
55%
How big is Fort Worth In Miles Squared 359sq mi (929.86 km)
45%
Fort Worth's Nickname is all of these but... Cowboy City
25%
No matching quizzes found
Score Distribution
Percent of People with Each Score
Percentile by Number Answered
Your Score History
You have not taken this quiz